000 00756nam a2200217 i 4500
001 bg
100 1 _aNIENIEWSKI, Mariusz
245 1 0 _aSegmentacja obrazów cyfrowych :
_bmetody segmentacji wododziałowej /
_cMariusz Nieniewski.
260 _aWarszawa :
_b"Exit",
_c2005.
300 _a184 s. :
_bil. ;
_c24 cm +
_eCD ROM.
490 1 _aProblemy Współczesnej Nauki : teoria i zastosowania. Informatyka
504 _aBibliogr. - Indeks.
830 _aProblemy Współczesnej Nauki : teoria i zastosowania. Informatyka
020 _a8387674826
040 _cBPK
041 0 _apol
920 _a83-87674-82-6
942 _cKS
008 s pl f |000 0 pol
999 _c46135
_d46135
856 _uhttp://koha.tu.koszalin.pl/cgi-bin/koha/opac-detail.pl?biblionumber=46135
_yKatalog online BPK